| 000 | 00893nam a2200217 a 4500 | ||
|---|---|---|---|
| 001 | 000029208 | ||
| 005 | 20250924073803.0 | ||
| 008 | 110414s1985 dr 000 0 spa d | ||
| 040 |
_aDO-SdBNP _bspa _cBNPHU |
||
| 082 |
_axxx _bM334i |
||
| 100 | 1 |
_aMaríñez, Pablo A. _95748 |
|
| 245 | 1 | 0 |
_aInjerencias, agresiones e intervenciones norteamericanas en la República Dominicana : _bbibliografía básica para su estudio / _cPablo A. Maríñez. |
| 260 |
_aSanto Domingo : _bEditora Universitaria, UASD, _c1985. |
||
| 490 | 1 |
_aPublicaciones de la Universidad Autónoma de Santo Domingo _v382 |
|
| 490 | 1 |
_aHistoria y sociedad _vno. 64 |
|
| 500 | _aIncluye notas al pie de las páginas | ||
| 500 | _aXX aniversario de la insurrección de abril" | ||
| 830 |
_aPublicaciones de la Universidad Autónoma de Santo Domingo _v382 _952 |
||
| 830 | 0 |
_aHistoria y sociedad _vno. 64 _913749 |
|
| 049 | _aBNPD | ||
| 999 |
_c28700 _d28700 |
||